Propuesta de opciones constructivas para reducir el riesgo de incendio y mejorar las condiciones de Seguridad Humana en la Facultad de Ingeniería de la Universidad de Costa Rica
Gorde:
| Egile nagusia: | |
|---|---|
| Formatua: | Liburua |
| Argitaratua: |
[San José, Costa Rica]
2008
|
| Gaiak: | |
| Etiketak: |
Etiketa erantsi
Etiketarik gabe, Izan zaitez lehena erregistro honi etiketa jartzen!
|
MARC
| LEADER | 00000nam a2200000Ia 4500 | ||
|---|---|---|---|
| 003 | 001124 | ||
| 005 | 20221231144059.0 | ||
| 008 | 140114s2008 cr a 000 ||s d | ||
| 040 | |c cru CEDI | ||
| 090 | |a TFG 5649 | ||
| 100 | |a Chavarría Madrigal, Cynthia María |9 4357 | ||
| 245 | |a Propuesta de opciones constructivas para reducir el riesgo de incendio y mejorar las condiciones de Seguridad Humana en la Facultad de Ingeniería de la Universidad de Costa Rica | ||
| 260 | |c 2008 |b [San José, Costa Rica] | ||
| 300 | |a xv, 108, [39] hojas (algunas plegables); ilustraciones a color, planos | ||
| 500 | |a Tesis (licenciatura en ingeniería civil)--Universidad de Costa Rica. Facultad de Ingeniería. Escuela de Ingeniería Civil | ||
| 650 | |x UNIVERSIDAD DE COSTA RICA. FACULTAD DE INGENIERIA |x MEDIDAS DE SEGURIDAD |x INCENDIOS |x PREVENCION |x EVALUACION DE RIESGOS CONTRA INCENDIOS |x NORMAS |x PERCEPCION DE RIESGOS |9 4358 | ||
| 942 | |c TFG | ||
| 999 | |c 16612 |d 16612 | ||
